000 00716nam a2200205Ia 4500
003 GCL
005 20240530110911.0
008 140319s1985 le ab g 000 0 ara d
040 _aGCL /
_cGCL
082 0 4 _a312/
_bج ج
100 1 _aجورج، بيار
245 1 0 _aجغرافية السكان /
_cبيار جورج ؛ ترجمة سموحى فوق العادة
260 _aبيروت :
_bمنشورات عويدات،
_c1985.
300 _a119 ص. :
_bايض ؛
_c16 سم.
650 0 7 _2qrmak
_aالسكان
650 0 7 _2qrmak
_aالجغرافيا البشرية
650 0 7 _2qrmak
_aالاحصائيات الحيوية
700 1 _aمحمد شوقى ابراهيم مكى
_eمترجم
942 _2ddc
_cBK
999 _c66308
_d66308